00492 2200193 4500001002100000005001500021008004100036020002200077035001900099041000700118082001000125090001600135100001800151245002900169250001100198260003900209300003600248650001400284INLIS00000000000694420241224113359241224||||||||| | ||| |||| || |  a978-602-8714-59-4 0010-1224006944 aid0 a634.7 a634.7 RIK s0 aRika Muniarti00aStrawberry Merambah Desa aRevisi aBandungbSarana Ilmu Pustakac2013 a25x17,5 cm, iv, 60 hlm.; ilus.: 0aPertanian